Composition + entrée en jeu du PSG face au Bayern en finale de LDC - Statistiques

Statistiques générales
  • Ce quiz a été pris 100 fois
  • Le résultat moyen est 11 sur 15
Statistiques - réponses
Hint Réponse % Correct
7 Mbappe
100%
10 Neymar
99%
1 Navas
97%
5 Marquinhos
93%
2 Silva
87%
6 Verratti
87%
11 Di Maria
84%
3 Kimpembe
84%
14 Bernat
74%
8 Paredes
68%
4 Kehrer
62%
21 Herrera
58%
17 Choupo-Moting
56%
23 Draxler
51%
20 Kurzawa
43%
Aucun quiz correspondant
Distribution des résultats
% des personnes avec chaque résultat
Percentile par nombre de réponses
Votre historique - résultats
Vous n’avez pas pris ce quiz